|
|
|
|
| LEADER |
02763nam a22004093i 4500 |
| 001 |
EBC6350457 |
| 003 |
MiAaPQ |
| 005 |
20231204023215.0 |
| 006 |
m o d | |
| 007 |
cr cnu|||||||| |
| 008 |
231204s2020 xx o ||||0 ger d |
| 020 |
|
|
|a 9783847415510
|q (electronic bk.)
|
| 020 |
|
|
|z 9783847424192
|
| 035 |
|
|
|a (MiAaPQ)EBC6350457
|
| 035 |
|
|
|a (Au-PeEL)EBL6350457
|
| 035 |
|
|
|a (OCoLC)1223094425
|
| 040 |
|
|
|a MiAaPQ
|b eng
|e rda
|e pn
|c MiAaPQ
|d MiAaPQ
|
| 100 |
1 |
|
|a Abs, Hermann Josef.
|
| 245 |
1 |
0 |
|a Datenreport Erziehungswissenschaft 2020 :
|b Erstellt Im Auftrag der Deutschen Gesellschaft Für Erziehungswissenschaft (DGfE).
|
| 250 |
|
|
|a 1st ed.
|
| 264 |
|
1 |
|a Leverkusen-Opladen :
|b Verlag Barbara Budrich,
|c 2020.
|
| 264 |
|
4 |
|c {copy}2020.
|
| 300 |
|
|
|a 1 online resource (218 pages)
|
| 336 |
|
|
|a text
|b txt
|2 rdacontent
|
| 337 |
|
|
|a computer
|b c
|2 rdamedia
|
| 338 |
|
|
|a online resource
|b cr
|2 rdacarrier
|
| 490 |
1 |
|
|a Schriften der Deutschen Gesellschaft Für Erziehungswissenschaft (DGfE) Series
|
| 505 |
0 |
|
|a Cover -- Datenreport Erziehungswissenschaft 2020 -- Inhalt -- Datenreport Erziehungswissenschaft - zwanzig Jahre indikatorenbasiertes Monitoring der Disziplin (Hermann Josef Abs und Harm Kuper) -- Studiengänge und Standorte im Hauptfach (Cathleen Grunert, Katja Ludwig und Kilian Hüfner) -- Studiengänge und Standorte der Lehrerinnen‑ und Lehrerbildung (Melanie Radhoff und Christiane Ruberg) -- Studienabschlüsse, Übergänge und beruflicher Verbleib der Absolventinnen und Absolventen (Christian Kerst und Andrä Wolter) -- Personal (Marius Gerecht, Heinz-Hermann Krüger, Markus Sauerwein und Johanna Schultheiß) -- Forschung und Publikationskulturen (Bernhard Schmidt-Hertha und Margaretha Müller) -- Habilitationen und Promotionen in der Erziehungswissenschaft (Renate Martini) -- Der Stellenmarkt von wissenschaftlichem Nachwuchs in Erziehungswissenschaft/Bildungsforschung (Annette Stelter) -- Tabellenanhang -- Die Autorinnen und Autoren -- U4.
|
| 588 |
|
|
|a Description based on publisher supplied metadata and other sources.
|
| 590 |
|
|
|a Electronic reproduction. Ann Arbor, Michigan : ProQuest Ebook Central, 2023. Available via World Wide Web. Access may be limited to ProQuest Ebook Central affiliated libraries.
|
| 655 |
|
4 |
|a Electronic books.
|
| 700 |
1 |
|
|a Kuper, Harm.
|
| 700 |
1 |
|
|a Martini, Renate.
|
| 776 |
0 |
8 |
|i Print version:
|a Abs, Hermann Josef
|t Datenreport Erziehungswissenschaft 2020
|d Leverkusen-Opladen : Verlag Barbara Budrich,c2020
|z 9783847424192
|
| 797 |
2 |
|
|a ProQuest (Firm)
|
| 830 |
|
0 |
|a Schriften der Deutschen Gesellschaft Für Erziehungswissenschaft (DGfE) Series
|
| 856 |
4 |
0 |
|u https://ebookcentral.proquest.com/lib/matrademy/detail.action?docID=6350457
|z Click to View
|